000 00664nam a2200241Ia 4500
003 OSt
005 20221006145352.0
006 a|||||r|||| 00| 0
007 ta
008 221006b |||||||| |||| 00| 0 eng d
020 _c
_16.50
024 _a14,609
037 _cTextual
040 _aEASL
_cEASL
_beng
041 _2eng
_aeng
082 _aO41,2xH6:g, 111L6
100 _aSHIH Chung-Wen
_960506
245 0 _aGolden age of Chinese drama
_b Yuan Tsa-chu
260 _aPrinceton
_bPrinceton University Press
_c1976
300 _a312p.
_ccm.
942 _hO41,2xH6:g, 111L6
_cTEXL
_2CC
999 _c1082695
_d1082695